| 000 | 00843cam a2200265 i 4500 | ||
|---|---|---|---|
| 001 | 3162 | ||
| 005 | 20240215085548.0 | ||
| 020 | _a9780316043496 | ||
| 040 |
_aDLC _beng _erda _cDLC _dDLC |
||
| 050 | 0 | 0 | _aPZ7.P2447 |
| 082 | 0 | 0 | _a302 |
| 100 | 1 |
_aParr, Todd _eauthor, _eillustrator |
|
| 245 | 1 | 4 |
_aThe peace book / _cParr, Todd |
| 250 | _aFirst paperback Edition, April 2009 | ||
| 260 |
_aNew York : _bLittle ,Brown and Company, _c2004 |
||
| 300 |
_a30 unnumbered pages : _bcolor illustrations; _c26 cm . |
||
| 490 | 0 | _aTodd Parr's books | |
| 505 | _aE | ||
| 520 | _aDescribes peace as making new friends, sharing a meal, feeling good about yourself, and more. | ||
| 521 |
_a280
_bLexile |
||
| 521 |
_aE
_bRaz-Plus |
||
| 650 | 1 |
_aPeace _vFiction |
|
| 906 |
_a7 _bcbc _corigcop _d2 _eepcn _f20 _gy-gencatlg |
||
| 942 |
_2ddc _cBK _n0 |
||
| 999 |
_c3162 _d3162 |
||